Las distancias en el gobierno de los imperios ibéricos : (Record no. 171677)
[ view plain ]
| 000 -LEADER | |
|---|---|
| fixed length control field | 00863nam a22002057a 4500 |
| 005 - DATE AND TIME OF LATEST TRANSACTION | |
| control field | 20250404123901.0 |
| 008 - FIXED-LENGTH DATA ELEMENTS--GENERAL INFORMATION | |
| fixed length control field | 250404b sp |||||||| |||| 00| 0 spa d |
| 020 ## - INTERNATIONAL STANDARD BOOK NUMBER | |
| International Standard Book Number | 9788490963449 |
| 050 04 - LIBRARY OF CONGRESS CALL NUMBER | |
| Classification number | DP86.P6 |
| Item number | D57 2022 |
| 245 04 - TITLE STATEMENT | |
| Title | Las distancias en el gobierno de los imperios ibéricos : |
| Remainder of title | concepciones, experiencias y vínculos |
| Statement of responsibility, etc | / editado por Guillaume Gaudin y Roberta Stumpf |
| 250 ## - EDITION STATEMENT | |
| Edition statement | Primera edición. |
| 260 ## - PUBLICATION, DISTRIBUTION, ETC. (IMPRINT) | |
| Place of publication, distribution, etc | Madrid, España : |
| Name of publisher, distributor, etc | Casa de Velázquez, |
| Date of publication, distribution, etc | 2022. |
| 300 ## - PHYSICAL DESCRIPTION | |
| Extent | ix, 308 páginas : |
| Other physical details | ilustraciones. ; |
| Dimensions | 24 cm. |
| 440 ## - SERIES STATEMENT/ADDED ENTRY--TITLE | |
| Title | Colección de la Casa de Velázquez ; |
| Volume number/sequential designation | 190 |
| 651 #7 - SUBJECT ADDED ENTRY--GEOGRAPHIC NAME | |
| Source of heading or term | lemb |
| Geographic name | España |
| General subdivision | Política y gobierno |
| Chronological subdivision | 1516-1700. |
| 651 #7 - SUBJECT ADDED ENTRY--GEOGRAPHIC NAME | |
| Source of heading or term | lemb |
| Geographic name | Portugal |
| General subdivision | Politica y gobierno |
| Chronological subdivision | 1580-1640 |
| 700 1# - ADDED ENTRY--PERSONAL NAME | |
| Personal name | Gaudin, Guillaume, |
| Dates associated with a name | 1979- |
| Relator term | editor. |
| 700 1# - ADDED ENTRY--PERSONAL NAME | |
| Personal name | Stumpf, Roberta Giannubilo, |
| Dates associated with a name | 1972- |
| Relator term | editor. |
| 942 ## - ADDED ENTRY ELEMENTS (KOHA) | |
| Source of classification or shelving scheme | Biblioteca del Cogreso de los Estados Unidos |
| Koha item type | Libro |
| Estado de pérdida | Fuente de clasificación | Estado del daño | No para préstamo | Ubicación permanente | Ubicación actual | Apartado o colección | Fecha de adquisición | Fuente de adquisición | Edición | Área del conocimiento | Total Checkouts | Clasificación | Código de Barras | Date last seen | Número de copia | Costo por reposición | Tipo de recurso |
|---|---|---|---|---|---|---|---|---|---|---|---|---|---|---|---|---|---|
| Biblioteca del Cogreso de los Estados Unidos | Biblioteca del Instituto de Investigaciones Históricas | Biblioteca del Instituto de Investigaciones Históricas | General | 04/04/2025 | Proyecto de Investigación | 1a ed. | Ciencias Sociales y Administrativas | DP86.P6 D57 2022 | IIH000036970 | 04/04/2025 | 1 | 1.00 | Libro |